|
|
|
|
| LEADER |
01095nam a2200265 a 4500 |
| 001 |
3539614 |
| 008 |
090804s1996 bg a 000 0 eng d |
| 010 |
|
|
|a 96903056
|
| 020 |
|
|
|a 9844100569
|
| 040 |
|
|
|a DLC
|c DLC
|
| 082 |
0 |
0 |
|a 332
|2 22
|
| 100 |
1 |
|
|a Yunus, Muhammad,
|d 1940-
|
| 245 |
1 |
0 |
|a Grameen Bank and Muhammad Yunus /
|c edited by Mohammad Badrul Ahsan.
|
| 250 |
|
|
|a 1st ed.
|
| 260 |
|
|
|a Dhaka :
|b Mowla Brothers,
|c 1996.
|
| 300 |
|
|
|a 87 p. :
|b ill. ;
|c 22 cm.
|
| 541 |
1 |
|
|e 00015393
|
| 520 |
|
|
|a Collection of interviews given by Muhammad Yunus, founder and managing director of Grameen Bank, to the national and foreign press in Bangladesh.
|
| 610 |
2 |
0 |
|a Grameen Bank.
|
| 600 |
1 |
0 |
|a Yunus, Muhammad,
|d 1940-
|
| 700 |
1 |
|
|a Ahsan, Mohammad Badrul.
|
| 852 |
4 |
|
|a Ayesha Abed Library
|j General Shelf.
|
| 999 |
|
|
|c 3280
|d 3280
|
| 952 |
|
|
|0 0
|1 0
|2 ddc
|4 0
|6 332_YUN
|7 0
|9 2972
|a BRACUL
|b BRACUL
|c GEN
|d 2009-08-31
|g 80.00
|l 0
|o 332 YUN
|p 3010015394
|r 2009-08-31
|t 2
|w 2009-08-31
|y BK
|
| 952 |
|
|
|0 0
|1 0
|2 ddc
|4 0
|6 332_YUN
|7 0
|9 16611
|a BRACUL
|b BRACUL
|c GEN
|d 2011-05-23
|l 0
|o 332 YUN
|p 3010015393
|r 2011-05-23
|t 1
|w 2011-05-23
|y BK
|